Statistiques concernant Les pays qui ont organisé au 2 fois la Coupe du monde de football

Cliquez ici pour prendre le quiz!

Statistiques générales

  • Ce quiz a été pris 215 fois
  • Le résultat moyen est 5 sur 5

Statistiques - réponses

Nombre de CdM organiséesPays% Correct
2Brésil (1950,2014)
96%
2France (1938,1998)
95%
2Allemagne (1974,2006)
94%
2Italie (1934,1990)
93%
2Mexique (1970,1986)
82%

Distribution des résultats

Percentile par nombre de réponses

% des personnes avec chaque résultat

Votre développement - résultats

Vous n’avez pas pris ce quiz